000 00353nam a22001457a 4500
005 20161022151346.0
008 161022b xxu||||| |||| 00| 0 eng d
041 _aeng
100 _aDAS,SAMIR KUMAR
_93622
245 _aEXPLOSIVE AND BLASTING PRACTICE IN MINES
260 _bLOVELY
300 _a367
650 _aMINING ENGINEERING
_93625
942 _cBK
999 _c5280
_d5278